1387 1620 1515 1220 1281 1282 1396 1770 1102 1714 1929 1605 1620 1078 1827 1761 1945 1587 1554 1384 1347 1502 1702 1049 1580 1115 1844 1606 1289 1861 1206 1329 1002 1611 1723 1391 1661 1813 1164 1166 1625 1251 1001 1934 1541 1406 1417 1899 1651 1976 1505 1443 1259 1527 1118 1167 1975 1212 1276 1266 1941 1565 1407 1777 1974 1432 1119 1644 1131 1802 1864 1993 1388 1815 1351 1483 1754 1649 1512 1220 1177 1965 1527 1675 1779 1907 1447 1482 1105 1500 1378 1748 1030 1294 1822 1028 1165 1295 1602 BCNSPRNW ULIB Ver.6.0+V

เปลี่ยนเป็นภาษาไทย

Change to English
 แสดงรายละเอียดบรรณานุกรม
  กลับหน้าหลัก

Brief Record : Get Marc (ISO 2709) : E-mail record : QR code < ปิดหน้าต่าง
LEADER : 00000nam 2200000uu 4500
001    13399124165
003     ULIB
008    150123s2556||||th 000 0 tha d
020    ^a9786160007127
060  4 ^aWG113^bน612ร
100 0  ^aนิธิ มหานนท์
245 10 ^aรู้ทัน...ป้องกันโรคหัวใจ /^cนิธิ มหานนท์
246 31 ^aรู้ทันป้องกันโรคหัวใจ
250    ^aพิมพ์ครั้งที่ 1
260    ^aกรุงเทพฯ :^bสถาพรบุ๊คส์,^c2556
300    ^a134 หน้า :^bภาพประกอบ ;^c21 ซม.
650  4 ^aโรคหัวใจ
650  7 ^aหัวใจ, โรค
945    ^p100^l0^i038761
945    ^p100^l0^i038762
945    ^p100^l0^i038763
945    ^p100^l0^i038764
945    ^p100^l0^i038765
945    ^p100^l0^i038766
945    ^p100^l0^i038767
999    ^aเกษร โพธิ์สุวรรณ
รายการนี้ยังไม่มีแท็ก
คุณยังไม่ได้ล็อกอิน คุณสามารถมีกิจกรรมร่วมกับเว็บไซต์ได้ แต่ต้องล็อกอินก่อน ::
  ล็อกอิน

รายการสื่อสารสนเทศ

ลำดับที่ ประเภท เลขเรียก/บาร์โค้ด สถานที่ สถานะ
1. วิทยาศาสตร์การแพทย์ และสุขภาพ
หนังสือสำรอง
สถานะ=หนังสือสำรอง
WG113 น612ร ฉ.1 
  Barcode: 038761
ห้องสมุดวิทยาเขตสวรรค์ประชารักษ์
►ส่วนจัดเก็บหนังสือเก่า สปร
บนชั้น
  ขอยืม
2. วิทยาศาสตร์การแพทย์ และสุขภาพ
วิทยาศาสตร์การแพทย์ และสุขภาพ
WG113 น612ร ฉ.2 
  Barcode: 038762
ห้องสมุดวิทยาเขตสวรรค์ประชารักษ์
►ส่วนจัดเก็บหนังสือเก่า สปร
บนชั้น
  ขอยืม
3. วิทยาศาสตร์การแพทย์ และสุขภาพ
วิทยาศาสตร์การแพทย์ และสุขภาพ
WG113 น612ร ฉ.3 
  Barcode: 038763
ห้องสมุดวิทยาเขตสวรรค์ประชารักษ์
►ส่วนจัดเก็บหนังสือเก่า สปร
บนชั้น
  ขอยืม
4. วิทยาศาสตร์การแพทย์ และสุขภาพ
วิทยาศาสตร์การแพทย์ และสุขภาพ
WG113 น612ร ฉ.4 
  Barcode: 038764
ห้องสมุดวิทยาเขตสวรรค์ประชารักษ์
►ส่วนจัดเก็บหนังสือเก่า สปร
บนชั้น
  ขอยืม
5. วิทยาศาสตร์การแพทย์ และสุขภาพ
วิทยาศาสตร์การแพทย์ และสุขภาพ
WG113 น612ร ฉ.5 
  Barcode: 038765
ห้องสมุดวิทยาเขตสวรรค์ประชารักษ์
►ส่วนจัดเก็บหนังสือเก่า สปร
บนชั้น
  ขอยืม
6. วิทยาศาสตร์การแพทย์ และสุขภาพ
วิทยาศาสตร์การแพทย์ และสุขภาพ
WG113 น612ร ฉ.6 
  Barcode: 038766
ห้องสมุดวิทยาเขตสวรรค์ประชารักษ์
►ส่วนจัดเก็บหนังสือเก่า สปร
บนชั้น
  ขอยืม
7. วิทยาศาสตร์การแพทย์ และสุขภาพ
วิทยาศาสตร์การแพทย์ และสุขภาพ
WG113 น612ร ฉ.7 
  Barcode: 038767
ห้องสมุดวิทยาเขตสวรรค์ประชารักษ์
►ส่วนจัดเก็บหนังสือเก่า สปร
บนชั้น
  ขอยืม

รายการใกล้เคียง
    ผู้แต่ง [นิธิ มหานนท์]

    หัวเรื่อง [โรคหัวใจ]
    หัวเรื่อง [หัวใจ, โรค]

BibComment


ยังไม่เคยถูกคอมเมนท์

คอมเมนท์ทรัพยากรรายการนี้
  คอมเมนท์: รู้ทันป้องกันโรค..


 Copyright 2026. Bcnsprnw @Library